[Event "Sao Paulo Freitas op 2nd"]
[Site "Sao Paulo"]
[Date "2016.04.17"]
[Round "6"]
[White "Montufar Berrios, Eymi Priscila"]
[Black "Dos Santos, Tiago Augusto"]
[Result "0-1"]
[WhiteElo "1776"]
[BlackElo "2034"]
[PlyCount "118"]
[EventDate "2016.04.15"]
[EventType "swiss"]
[EventRounds "6"]
[EventCountry "BRA"]
[SourceTitle "EXT 2017"]
[Source "ChessBase"]
[SourceDate "2016.10.25"]
[SourceVersion "1"]
[SourceVersionDate "2016.10.25"]
[SourceQuality "1"]

1. e4 c5 2. Nf3 d6 3. d4 cxd4 4. Nxd4 Nf6 5. Nc3 a6 6. Be2 e6 7. Be3 Be7 8. 0-0 Qc7 9. f4 b5 10. a3 Bb7 11. Bf3 Nbd7 12. Nb3 Rc8 13. f5 Ne5 14. Nd2 exf5 15. exf5 Nxf3+ 16. Nxf3 Ng4 17. Bd4 0-0 18. h3 Ne5 19. Nxe5 dxe5 20. Be3 Rfd8 21. Qg4 f6 22. Rfe1 Bc5 23. Kh1 Bxe3 24. Rxe3 Rd4 25. Qh5 Qf7 26. Qe2 Qc4 27. Rf1 Qxe2 28. Rxe2 b4 29. axb4 Rxb4 30. Nd1 a5 31. c3 Rh4 32. Kh2 Ba6 33. Ref2 Bxf1 34. Rxf1 Rb8 35. g4 g5 36. fxg6 hxg6 37. Rxf6 Kg7 38. Re6 Rhh8 39. Rxe5 Rhd8 40. Re1 g5 41. Kg2 Rd3 42. Rf1 a4 43. Re1 Rb7 44. c4 Rbb3 45. Rh1 Rd2+ 46. Nf2 Rbxb2 47. Rf1 Rxf2+ 48. Rxf2 Rxf2+ 49. Kxf2 a3 50. c5 a2 51. c6 a1Q 52. c7 Qa7+ 53. Kg2 Qxc7 54. Kg1 Qc2 55. Kf1 Kf6 56. Ke1 Ke5 57. Kf1 Ke4 58. Kg1 Kf3 59. Kh1 Qg2# 0-1

[Event "Pocos de Caldas op"]
[Site "Pocos de Caldas"]
[Date "2016.02.28"]
[Round "5"]
[White "Dos Santos, Tiago Augusto"]
[Black "Marino, Felipe Gabriel"]
[Result "1-0"]
[WhiteElo "2030"]
[BlackElo "1670"]
[PlyCount "117"]
[EventDate "2016.02.26"]
[EventType "swiss"]
[EventRounds "6"]
[EventCountry "BRA"]
[SourceTitle "EXT 2017"]
[Source "ChessBase"]
[SourceDate "2016.10.25"]
[SourceVersion "1"]
[SourceVersionDate "2016.10.25"]
[SourceQuality "1"]

1. e4 e5 2. Nf3 Nc6 3. Bb5 Bc5 4. c3 Qe7 5. 0-0 a6 6. Bxc6 dxc6 7. d4 exd4 8. cxd4 Bb6 9. d5 Bd7 10. dxc6 Bxc6 11. Nc3 Nf6 12. Bg5 Qd7 13. Qc2 Qg4 14. Rfe1 0-0 15. Bxf6 gxf6 16. Nd5 Bxd5 17. exd5 Rae8 18. Qc3 Kg7 19. b4 Re7 20. h3 Qf5 21. Rad1 Rfe8 22. Rxe7 Rxe7 23. Kf1 Qd7 24. a3 Qb5+ 25. Qd3 Qxd3+ 26. Rxd3 a5 27. d6 cxd6 28. Rxd6 Re6 29. Nh4 axb4 30. axb4 Bc7 31. Rd7 Rc6 32. Nf5+ Kf8 33. Nh6 Bf4 34. Rxf7+ Ke8 35. Rxh7 Rb6 36. Ng4 Bg5 37. h4 Rxb4 38. hxg5 Rxg4 39. gxf6 b5 40. Rb7 b4 41. g3 Rc4 42. Ke2 Rc2+ 43. Ke3 Rc3+ 44. Ke4 b3 45. g4 Rc2 46. Rxb3 Rxf2 47. Rf3 Rb2 48. Kf5 Kf7 49. Kg5 Rb8 50. Rf5 Rh8 51. Kf4 Rb8 52. g5 Rb7 53. Kg3 Kg6 54. f7 Rb3+ 55. Kf4 Rb4+ 56. Ke3 Rb3+ 57. Ke4 Rb4+ 58. Kd3 Kh7 59. f8Q 1-0

[Event "Pocos de Caldas op"]
[Site "Pocos de Caldas"]
[Date "2016.02.26"]
[Round "2"]
[White "Gomes, Marco Tulio Caldeir"]
[Black "Dos Santos, Tiago Augusto"]
[Result "0-1"]
[WhiteElo "1826"]
[BlackElo "2030"]
[PlyCount "86"]
[EventDate "2016.02.26"]
[EventType "swiss"]
[EventRounds "6"]
[EventCountry "BRA"]
[SourceTitle "EXT 2017"]
[Source "ChessBase"]
[SourceDate "2016.10.25"]
[SourceVersion "1"]
[SourceVersionDate "2016.10.25"]
[SourceQuality "1"]

1. c4 e6 2. Nc3 Nf6 3. Nf3 b6 4. g3 Bb7 5. Bg2 c5 6. e3 Nc6 7. 0-0 Be7 8. d4 cxd4 9. exd4 d5 10. cxd5 exd5 11. a3 0-0 12. b4 Ne4 13. Bb2 Rc8 14. Rc1 Bf6 15. Re1 Re8 16. Qd3 Qd7 17. Re2 Nxc3 18. Rxe8+ Rxe8 19. Bxc3 g5 20. b5 Na5 21. Bxa5 bxa5 22. a4 g4 23. Nd2 Rc8 24. Rxc8+ Qxc8 25. Nb3 Qc4 26. Qxc4 dxc4 27. Nxa5 Bxg2 28. Kxg2 c3 29. Nb3 c2 30. d5 Bc3 31. Kf1 Bd2 32. Ke2 c1Q 33. Nxc1 Bxc1 34. a5 Ba3 35. Kd3 Bc5 36. Kc4 Bd6 37. a6 Bc7 38. Kc5 Kf8 39. Kc6 Bb6 40. Kd7 Bxf2 41. d6 Bb6 42. Kc8 Ke8 43. d7+ Ke7 0-1

[Event "Florianopolis op 2nd"]
[Site "Florianopolis"]
[Date "2016.01.17"]
[Round "2"]
[White "Granda Zuniga, Julio E"]
[Black "Dos Santos, Tiago Augusto"]
[Result "1-0"]
[WhiteElo "2683"]
[BlackElo "2049"]
[PlyCount "77"]
[EventDate "2016.01.16"]
[EventType "swiss"]
[EventRounds "10"]
[EventCountry "BRA"]
[SourceTitle "CBM 170 Extra"]
[Source "ChessBase"]
[SourceDate "2016.02.25"]
[SourceVersion "1"]
[SourceVersionDate "2016.02.25"]
[SourceQuality "1"]

1. c4 c5 2. g3 Nc6 3. Bg2 g6 4. e3 Bg7 5. Ne2 d6 6. Nbc3 Nf6 7. d4 cxd4 8. exd4 0-0 9. 0-0 Bf5 10. h3 h5 11. Be3 Rc8 12. b3 Qd7 13. Kh2 Nb4 14. Bg5 Nh7 15. Bf4 g5 16. Bd2 Nc2 17. Rc1 Nxd4 18. Nxd4 Bxd4 19. Qxh5 Bg6 20. Qe2 Bg7 21. Ne4 Qe6 22. Rfe1 Bh6 23. h4 Bxe4 24. Bxe4 Qf6 25. Bxh7+ Kxh7 26. hxg5 Bxg5 27. f4 Bh6 28. Qxe7 Qb2 29. Qe4+ Kg8 30. Rc2 Qf6 31. Bc3 Qd8 32. Kg2 Re8 33. Qd4 Kh7 34. Rh1 Rg8 35. Kf3 Qf8 36. Rch2 Rg6 37. f5 Re8 38. fxg6+ fxg6+ 39. Qf4 1-0

[Event "Curitiba op"]
[Site "Curitiba"]
[Date "2010.11.21"]
[Round "5"]
[White "Dos Santos, Tiago Augusto"]
[Black "Palozi, Paulo Ricardo"]
[Result "0-1"]
[WhiteElo "2028"]
[BlackElo "2259"]
[PlyCount "80"]
[EventDate "2010.11.19"]
[EventType "swiss"]
[EventRounds "6"]
[EventCountry "BRA"]
[SourceTitle "CBM 139 Extra"]
[Source "ChessBase"]
[SourceDate "2011.01.05"]
[SourceVersion "1"]
[SourceVersionDate "2011.01.05"]
[SourceQuality "1"]

1. Nc3 d5 2. d4 Nf6 3. Bg5 c6 4. Bxf6 exf6 5. e4 Qb6 6. Rb1 Bb4 7. exd5 0-0 8. Bd3 cxd5 9. Nge2 Nc6 10. 0-0 Be6 11. Na4 Qc7 12. g3 Bh3 13. a3 Bxf1 14. Qxf1 Bd6 15. Nac3 Ne7 16. Qh3 g6 17. Qh4 Kg7 18. Nd1 Qd7 19. Ne3 h5 20. Nc3 Bc7 21. Bf1 Rad8 22. Bh3 Qc6 23. Bf1 Ba5 24. b4 Qxc3 25. bxa5 Nc6 26. Rd1 Rfe8 27. Bg2 Rxe3 28. fxe3 Qxe3+ 29. Kh1 Qxa3 30. Rf1 Qe7 31. a6 bxa6 32. c4 Nb4 33. c5 Nd3 34. g4 hxg4 35. Qxg4 Qe3 36. Qf3 Qxd4 37. c6 Rc8 38. Qxd5 Nf2+ 39. Rxf2 Qxf2 40. Qe4 Rxc6 0-1

[Event "Itapetininga Alves Memorial"]
[Site "Itapetininga"]
[Date "2010.10.11"]
[Round "4.12"]
[White "Andrades, Jose Jorge Lopes"]
[Black "Dos Santos, Tiago Augusto"]
[Result "0-1"]
[WhiteElo "1854"]
[BlackElo "2034"]
[PlyCount "74"]
[EventDate "2010.10.09"]
[EventType "swiss"]
[EventRounds "6"]
[EventCountry "BRA"]
[SourceTitle "EXT 2022"]
[Source "ChessBase"]
[SourceDate "2021.10.06"]
[SourceVersion "1"]
[SourceVersionDate "2021.10.06"]
[SourceQuality "1"]

1. e4 c5 2. Nf3 d6 3. d4 cxd4 4. Nxd4 Nf6 5. Nc3 a6 6. h3 b5 7. Bd3 Bb7 8. Bg5 e6 9. 0-0 Nbd7 10. Nce2 h6 11. Bxf6 gxf6 12. Ng3 Qb6 13. c3 Rg8 14. Kh1 Nc5 15. Bc2 Be7 16. b4 Nd7 17. Qh5 Nf8 18. a4 Rg5 19. Qe2 Rc8 20. Nf3 Rg8 21. axb5 axb5 22. Bd3 Ng6 23. Bxb5+ Kf8 24. c4 Nf4 25. Qe3 Qxe3 26. fxe3 Nxh3 27. Kh2 Ng5 28. Nxg5 Rxg5 29. Ra7 Rb8 30. Rf4 d5 31. Kh3 Bxb4 32. Rxf6 Kg7 33. Rf1 Bc5 34. exd5 Bxa7 35. Ne4 exd5 36. Nd6 Bc8+ 37. Kh2 Be6 0-1

[Event "Itapetininga Alves Memorial"]
[Site "Itapetininga"]
[Date "2010.10.11"]
[Round "3.11"]
[White "Dos Santos, Tiago Augusto"]
[Black "Aragao Neto, Joao Batista"]
[Result "0-1"]
[WhiteElo "2034"]
[BlackElo "1833"]
[PlyCount "108"]
[EventDate "2010.10.09"]
[EventType "swiss"]
[EventRounds "6"]
[EventCountry "BRA"]
[SourceTitle "EXT 2022"]
[Source "ChessBase"]
[SourceDate "2021.10.06"]
[SourceVersion "1"]
[SourceVersionDate "2021.10.06"]
[SourceQuality "1"]

1. e4 e5 2. Nf3 Nc6 3. Bb5 a6 4. Ba4 Nf6 5. 0-0 d6 6. d4 exd4 7. Nxd4 Bd7 8. Nxc6 Bxc6 9. Bxc6+ bxc6 10. Nc3 Be7 11. Bf4 0-0 12. Qf3 Re8 13. Rad1 Qb8 14. b3 Bf8 15. Rfe1 Nd7 16. e5 Nxe5 17. Bxe5 dxe5 18. Rd7 Re7 19. Qxc6 Qe8 20. Rxc7 Rxc7 21. Qxc7 Rc8 22. Qa5 Rc5 23. Qa4 Qc8 24. Nd1 Rxc2 25. Ne3 Rc1 26. Rxc1 Qxc1+ 27. Nf1 Qc8 28. Qc4 Qxc4 29. bxc4 f6 30. Ne3 Kf7 31. Kf1 Ke6 32. Ke2 f5 33. Kd3 Bc5 34. Nd5 e4+ 35. Ke2 Ke5 36. g3 Kd4 37. Ne3 g6 38. Kd2 Bb4+ 39. Ke2 a5 40. a3 Bc5 41. Kd2 Ke5 42. a4 Bb4+ 43. Kc2 Be1 44. Nd1 Kd4 45. Kb3 g5 46. Ne3 Bxf2 47. Nxf5+ Kd3 48. h4 e3 49. Nxe3 Bxe3 50. hxg5 Bc5 51. g4 Kd4 52. Kc2 Kxc4 53. Kd2 Kd4 54. Ke2 Ke4 0-1

[Event "Itapetininga Alves Memorial"]
[Site "Itapetininga"]
[Date "2010.10.10"]
[Round "2.4"]
[White "Sega, Carlos Alberto"]
[Black "Dos Santos, Tiago Augusto"]
[Result "1-0"]
[WhiteElo "2253"]
[BlackElo "2034"]
[PlyCount "47"]
[EventDate "2010.10.09"]
[EventType "swiss"]
[EventRounds "6"]
[EventCountry "BRA"]
[SourceTitle "EXT 2022"]
[Source "ChessBase"]
[SourceDate "2021.10.06"]
[SourceVersion "1"]
[SourceVersionDate "2021.10.06"]
[SourceQuality "1"]

1. c4 c5 2. Nc3 Nc6 3. g3 g6 4. Bg2 Bg7 5. a3 e5 6. b4 d6 7. Rb1 Nge7 8. e3 0-0 9. Nge2 Rb8 10. d3 Be6 11. b5 Na5 12. e4 f5 13. 0-0 Qd7 14. Nd5 fxe4 15. Nxe7+ Qxe7 16. Bxe4 Bh3 17. Re1 Rxf2 18. Kxf2 Rf8+ 19. Kg1 Qf6 20. Be3 Bh6 21. Bxh6 Qf2+ 22. Kh1 Rf3 23. Nf4 Bg4 24. Rf1 1-0

[Event "Americana op"]
[Site "Americana"]
[Date "2009.09.07"]
[Round "6"]
[White "Dos Santos, Tiago Augusto"]
[Black "Aranha Filho, Alvaro Zimmermann"]
[Result "0-1"]
[WhiteElo "2050"]
[BlackElo "2278"]
[PlyCount "84"]
[EventDate "2009.09.05"]
[EventType "swiss"]
[EventRounds "6"]
[EventCountry "BRA"]
[SourceTitle "CBM 132 Extra"]
[Source "ChessBase"]
[SourceDate "2009.11.03"]
[SourceVersion "1"]
[SourceVersionDate "2009.11.03"]
[SourceQuality "1"]

1. e4 c5 2. Nf3 a6 3. g3 e6 4. Bg2 Nc6 5. 0-0 d6 6. d3 Nge7 7. Be3 e5 8. Ne1 g6 9. f4 Bg7 10. f5 gxf5 11. Qh5 f4 12. Nc3 Ng6 13. gxf4 exf4 14. Bxf4 Nce5 15. Bh6 Bg4 16. Qg5 Qxg5 17. Bxg5 Be6 18. Nf3 Rg8 19. Nh4 Nxh4 20. Bxh4 Ng4 21. Rae1 Be5 22. Bg3 h5 23. Bxe5 Nxe5 24. Re3 Ke7 25. Kh1 Rg5 26. Bh3 Rag8 27. Nd5+ Bxd5 28. exd5 Kd8 29. c3 c4 30. dxc4 Nxc4 31. Ree1 Ne5 32. Re3 b5 33. b3 Kc7 34. c4 bxc4 35. bxc4 Kb6 36. Re2 Kc5 37. Rg2 Rxg2 38. Bxg2 Rg4 39. Rf5 Rxc4 40. Bf1 Rc1 41. Kg2 Ng4 42. Rf3 Rxf1 0-1

[Event "Americana op"]
[Site "Americana"]
[Date "2009.09.07"]
[Round "5"]
[White "Ueti, Silvio Shigeo"]
[Black "Dos Santos, Tiago Augusto"]
[Result "1/2-1/2"]
[WhiteElo "2198"]
[BlackElo "2050"]
[PlyCount "80"]
[EventDate "2009.09.05"]
[EventType "swiss"]
[EventRounds "6"]
[EventCountry "BRA"]
[SourceTitle "CBM 132 Extra"]
[Source "ChessBase"]
[SourceDate "2009.11.03"]
[SourceVersion "1"]
[SourceVersionDate "2009.11.03"]
[SourceQuality "1"]

1. e4 c5 2. Nf3 d6 3. Bb5+ Bd7 4. Bxd7+ Qxd7 5. 0-0 Nf6 6. Qe2 Nc6 7. Rd1 e6 8. c3 Be7 9. d4 cxd4 10. cxd4 d5 11. e5 Ne4 12. Ne1 Rc8 13. f3 Nxd4 14. Qd3 Nc5 15. Qxd4 Nb3 16. Qg4 Nxa1 17. Nc3 Qc7 18. Qxg7 Rf8 19. Bh6 Qb6+ 20. Kh1 Qxb2 21. Nxd5 exd5 22. Qg4 Qe2 23. Qxc8+ Bd8 24. Qc5 Qxd1 25. Qxf8+ Kd7 26. Qd6+ Kc8 27. Qc5+ Kb8 28. Qc1 Qe2 29. h3 Bc7 30. Bf4 Bxe5 31. Bxe5+ Qxe5 32. Nd3 Qd4 33. Qa3 a6 34. Qd6+ Ka7 35. Nb4 Nc2 36. Nc6+ bxc6 37. Qc7+ Ka8 38. Qc8+ Ka7 39. Qc7+ Ka8 40. Qc8+ Ka7 1/2-1/2